[Event "DVM U12 2023"]
[Site "Magdeburg GER"]
[Date "2023.12.29"]
[Round "6"]
[White "Uhlig, Silas"]
[Black "Vu, Khoi Nguyen"]
[Result "0-1"]
[Termination "normal"]
[Board "6.3"]
[WhiteElo "1443"]
[BlackElo "1599"]
[WhiteClock "00:46:59"]
[BlackClock "00:55:51"]
[WhiteTeam "USG Chemnitz"]
[BlackTeam "TSG Oberschöneweide"]
[PlyCount "98"]
[WhiteFideId "34651837"]
[BlackFideId "34605088"]
[EventCountry "GER"]
[EventRounds "7"]
[EventType "team-swiss"]
[EventDate "2023.12.26"]

1. e4 {[%clk 01:30:59]} {[%emt 00:00:01]} e5 {[%clk 01:30:50]} {[%emt
00:00:10]} 2. Nc3 {[%clk 01:31:24]} {[%emt 00:00:05]} Nf6 {[%clk 01:30:21]}
{[%emt 00:00:59]} 3. f4 {[%clk 01:31:46]} {[%emt 00:00:08]} d6 {[%clk
01:26:05]} {[%emt 00:04:46]} 4. Nf3 {[%clk 01:32:02]} {[%emt 00:00:14]} Nc6
{[%clk 01:24:35]} {[%emt 00:02:02]} 5. Bc4 {[%clk 01:31:50]} {[%emt 00:00:40]}
Be6 {[%clk 01:21:01]} {[%emt 00:04:05]} 6. Bb3 {[%clk 01:29:03]} {[%emt
00:03:18]} Be7 {[%clk 01:20:19]} {[%emt 00:01:12]} 7. f5 {[%clk 01:29:14]}
{[%emt 00:00:19]} Bxb3 {[%clk 01:20:36]} {[%emt 00:00:13]} 8. axb3 {[%clk
01:29:40]} {[%emt 00:00:04]} O-O {[%clk 01:16:52]} {[%emt 00:04:14]} 9. d3
{[%clk 01:27:33]} {[%emt 00:02:36]} h6 {[%clk 01:15:33]} {[%emt 00:01:49]} 10.
Be3 {[%clk 01:27:05]} {[%emt 00:00:58]} Ng4 {[%clk 01:14:51]} {[%emt 00:01:12]}
11. Qd2 {[%clk 01:24:48]} {[%emt 00:02:47]} Nb4 {[%clk 01:12:30]} {[%emt
00:02:52]} 12. O-O-O {[%clk 01:21:44]} {[%emt 00:03:34]} c6 {[%clk 01:10:33]}
{[%emt 00:02:28]} 13. h3 {[%clk 01:18:28]} {[%emt 00:03:45]} Qa5 {[%clk
01:07:01]} {[%emt 00:04:02]} 14. Qe2 {[%clk 01:14:12]} {[%emt 00:04:46]} Nxe3
{[%clk 01:06:54]} {[%emt 00:00:39]} 15. Qxe3 {[%clk 01:14:30]} {[%emt
00:00:10]} Qa1+ {[%clk 01:06:46]} {[%emt 00:00:38]} 16. Nb1 {[%clk 01:13:39]}
{[%emt 00:01:21]} Na2+ {[%clk 01:06:31]} {[%emt 00:00:45]} 17. Kd2 {[%clk
01:14:07]} {[%emt 00:00:02]} Qxb2 {[%clk 01:06:49]} {[%emt 00:00:13]} 18. Ke2
{[%clk 01:04:08]} {[%emt 00:10:28]} Qxc2+ {[%clk 01:04:21]} {[%emt 00:02:58]}
19. Rd2 {[%clk 01:03:22]} {[%emt 00:01:16]} Qxb3 {[%clk 01:04:13]} {[%emt
00:00:39]} 20. g4 {[%clk 01:02:00]} {[%emt 00:01:51]} Nc3+ {[%clk 01:03:53]}
{[%emt 00:00:50]} 21. Nxc3 {[%clk 01:02:17]} {[%emt 00:00:13]} Qxc3 {[%clk
01:04:19]} {[%emt 00:00:05]} 22. h4 {[%clk 01:02:20]} {[%emt 00:00:26]} f6
{[%clk 01:02:31]} {[%emt 00:02:18]} 23. g5 {[%clk 01:00:41]} {[%emt 00:02:08]}
h5 {[%clk 01:00:55]} {[%emt 00:02:07]} 24. g6 {[%clk 00:59:50]} {[%emt
00:01:21]} d5 {[%clk 01:00:32]} {[%emt 00:00:53]} 25. Ne1 {[%clk 00:59:12]}
{[%emt 00:01:06]} dxe4 {[%clk 01:00:25]} {[%emt 00:00:39]} 26. Qxe4 {[%clk
00:59:22]} {[%emt 00:00:19]} Bb4 {[%clk 00:59:29]} {[%emt 00:01:27]} 27. Rc2
{[%clk 00:59:19]} {[%emt 00:00:32]} Qd4 {[%clk 00:59:17]} {[%emt 00:00:42]} 28.
Qf3 {[%clk 00:58:14]} {[%emt 00:01:35]} e4 {[%clk 00:55:56]} {[%emt 00:03:52]}
29. Qxh5 {[%clk 00:55:28]} {[%emt 00:03:16]} exd3+ {[%clk 00:56:01]} {[%emt
00:00:26]} 30. Kf1 {[%clk 00:51:35]} {[%emt 00:04:22]} Qf4+ {[%clk 00:55:11]}
{[%emt 00:01:20]} 31. Nf3 {[%clk 00:51:50]} {[%emt 00:00:16]} Qh6 {[%clk
00:55:00]} {[%emt 00:00:40]} 32. Qxh6 {[%clk 00:50:29]} {[%emt 00:01:51]} gxh6
{[%clk 00:54:47]} {[%emt 00:00:44]} 33. Rb2 {[%clk 00:50:37]} {[%emt 00:00:21]}
a5 {[%clk 00:54:41]} {[%emt 00:00:37]} 34. Kf2 {[%clk 00:49:49]} {[%emt
00:01:17]} Rfe8 {[%clk 00:52:07]} {[%emt 00:03:05]} 35. Nd4 {[%clk 00:48:04]}
{[%emt 00:02:13]} Bc3 {[%clk 00:51:59]} {[%emt 00:00:40]} 36. Rxb7 {[%clk
00:48:18]} {[%emt 00:00:16]} Bxd4+ {[%clk 00:52:20]} {[%emt 00:00:09]} 37. Kg3
{[%clk 00:48:19]} {[%emt 00:00:28]} Re4 {[%clk 00:52:09]} {[%emt 00:00:42]} 38.
Rd1 {[%clk 00:48:20]} {[%emt 00:00:28]} a4 {[%clk 00:51:57]} {[%emt 00:00:44]}
39. Rxd3 {[%clk 00:47:59]} {[%emt 00:00:50]} Re3+ {[%clk 00:52:19]} {[%emt
00:00:07]} 40. Rxe3 {[%clk 00:47:56]} {[%emt 00:00:33]} Bxe3 {[%clk 00:52:46]}
{[%emt 00:00:04]} 41. Rb2 {[%clk 00:47:48]} {[%emt 00:00:37]} a3 {[%clk
00:52:57]} {[%emt 00:00:20]} 42. Ra2 {[%clk 00:48:12]} {[%emt 00:00:05]} c5
{[%clk 00:53:22]} {[%emt 00:00:06]} 43. Kf3 {[%clk 00:48:16]} {[%emt 00:00:24]}
Bc1 {[%clk 00:53:39]} {[%emt 00:00:13]} 44. Rc2 {[%clk 00:46:14]} {[%emt
00:02:33]} a2 {[%clk 00:54:04]} {[%emt 00:00:06]} 45. Rxc1 {[%clk 00:46:31]}
{[%emt 00:00:12]} a1=Q {[%clk 00:54:29]} {[%emt 00:00:05]} 46. Rxa1 {[%clk
00:46:55]} {[%emt 00:00:07]} Rxa1 {[%clk 00:54:53]} {[%emt 00:00:06]} 47. Ke4
{[%clk 00:47:16]} {[%emt 00:00:09]} Ra4+ {[%clk 00:55:13]} {[%emt 00:00:10]}
48. Kd5 {[%clk 00:47:34]} {[%emt 00:00:11]} Rxh4 {[%clk 00:55:30]} {[%emt
00:00:13]} 49. Ke6 {[%clk 00:46:59]} {[%emt 00:01:05]} Kg7 {[%clk 00:55:51]}
{[%emt 00:00:09]} 0-1

[Event "DVM U12 2023"]
[Site "Magdeburg GER"]
[Date "2023.12.29"]
[Round "6"]
[White "Rabus, Johann"]
[Black "Müller, Stefan"]
[Result "1-0"]
[Termination "normal"]
[Board "6.4"]
[WhiteElo "1349"]
[BlackElo "1313"]
[WhiteClock "01:21:49"]
[BlackClock "00:53:36"]
[WhiteTeam "TSG Oberschöneweide"]
[BlackTeam "USG Chemnitz"]
[PlyCount "85"]
[WhiteFideId "34602950"]
[BlackFideId "34667270"]
[EventCountry "GER"]
[EventRounds "7"]
[EventType "team-swiss"]
[EventDate "2023.12.26"]

1. e4 {[%clk 01:30:49]} {[%emt 00:00:10]} e5 {[%clk 01:30:54]} {[%emt
00:00:08]} 2. Nf3 {[%clk 01:30:55]} {[%emt 00:00:22]} Nc6 {[%clk 01:31:10]}
{[%emt 00:00:13]} 3. d4 {[%clk 01:31:14]} {[%emt 00:00:12]} exd4 {[%clk
01:31:08]} {[%emt 00:00:32]} 4. Nxd4 {[%clk 01:31:33]} {[%emt 00:00:11]} Nf6
{[%clk 01:31:22]} {[%emt 00:00:17]} 5. Nxc6 {[%clk 01:31:49]} {[%emt 00:00:14]}
bxc6 {[%clk 01:31:36]} {[%emt 00:00:17]} 6. Nc3 {[%clk 01:32:11]} {[%emt
00:00:07]} Bb7 {[%clk 01:30:48]} {[%emt 00:01:18]} 7. Bg5 {[%clk 01:31:04]}
{[%emt 00:01:36]} Qe7 {[%clk 01:29:14]} {[%emt 00:02:05]} 8. Bd3 {[%clk
01:30:51]} {[%emt 00:00:41]} d5 {[%clk 01:28:34]} {[%emt 00:01:13]} 9. O-O
{[%clk 01:30:45]} {[%emt 00:00:35]} Qe5 {[%clk 01:25:45]} {[%emt 00:03:18]} 10.
f4 {[%clk 01:29:27]} {[%emt 00:01:49]} Qd4+ {[%clk 01:24:12]} {[%emt 00:02:03]}
11. Kh1 {[%clk 01:29:36]} {[%emt 00:00:21]} Be7 {[%clk 01:23:28]} {[%emt
00:01:14]} 12. exd5 {[%clk 01:29:01]} {[%emt 00:01:05]} O-O {[%clk 01:21:28]}
{[%emt 00:02:30]} 13. Bxh7+ {[%clk 01:29:15]} {[%emt 00:00:16]} Nxh7 {[%clk
01:21:06]} {[%emt 00:00:52]} 14. Qxd4 {[%clk 01:29:38]} {[%emt 00:00:06]} Nxg5
{[%clk 01:20:49]} {[%emt 00:00:47]} 15. fxg5 {[%clk 01:29:53]} {[%emt
00:00:16]} Bxg5 {[%clk 01:20:42]} {[%emt 00:00:36]} 16. dxc6 {[%clk 01:29:33]}
{[%emt 00:00:50]} Ba6 {[%clk 01:19:48]} {[%emt 00:01:24]} 17. Rf3 {[%clk
01:29:35]} {[%emt 00:00:28]} Rad8 {[%clk 01:19:13]} {[%emt 00:01:05]} 18. Nd5
{[%clk 01:28:44]} {[%emt 00:01:21]} Rfe8 {[%clk 01:14:06]} {[%emt 00:05:37]}
19. Rg3 {[%clk 01:27:17]} {[%emt 00:01:59]} Bh6 {[%clk 01:12:21]} {[%emt
00:02:14]} 20. Rd1 {[%clk 01:24:27]} {[%emt 00:03:18]} Kf8 {[%clk 01:09:45]}
{[%emt 00:03:08]} 21. Qxa7 {[%clk 01:23:11]} {[%emt 00:01:46]} Be2 {[%clk
01:06:24]} {[%emt 00:03:50]} 22. Qc5+ {[%clk 01:21:01]} {[%emt 00:02:40]} Kg8
{[%clk 01:04:45]} {[%emt 00:02:10]} 23. Ne7+ {[%clk 01:19:32]} {[%emt
00:01:59]} Kh8 {[%clk 01:02:36]} {[%emt 00:02:39]} 24. Rxd8 {[%clk 01:19:35]}
{[%emt 00:00:27]} Rxd8 {[%clk 01:02:35]} {[%emt 00:00:31]} 25. Nd5 {[%clk
01:19:32]} {[%emt 00:00:33]} Bh5 {[%clk 01:01:35]} {[%emt 00:01:27]} 26. a4
{[%clk 01:19:04]} {[%emt 00:01:00]} Bg6 {[%clk 01:00:33]} {[%emt 00:01:32]} 27.
Rxg6 {[%clk 01:17:37]} {[%emt 00:01:58]} fxg6 {[%clk 01:00:23]} {[%emt
00:00:40]} 28. g3 {[%clk 01:17:57]} {[%emt 00:00:10]} Ra8 {[%clk 01:00:02]}
{[%emt 00:00:50]} 29. Nxc7 {[%clk 01:18:10]} {[%emt 00:00:17]} Rxa4 {[%clk
00:57:07]} {[%emt 00:03:26]} 30. Ne6 {[%clk 01:17:58]} {[%emt 00:00:42]} Ra8
{[%clk 00:55:38]} {[%emt 00:01:58]} 31. c7 {[%clk 01:18:00]} {[%emt 00:00:28]}
Rc8 {[%clk 00:55:12]} {[%emt 00:00:56]} 32. Qf8+ {[%clk 01:18:24]} {[%emt
00:00:06]} Rxf8 {[%clk 00:54:19]} {[%emt 00:01:23]} 33. Nxf8 {[%emt 00:00:08]}
Be3 {[%clk 00:53:38]} {[%emt 00:01:08]} 34. c8=Q {[%clk 01:18:57]} {[%emt
00:00:22]} Kg8 {[%clk 00:53:46]} {[%emt 00:00:23]} 35. Qe6+ {[%clk 01:19:14]}
{[%emt 00:00:13]} Kxf8 {[%clk 00:53:49]} {[%emt 00:00:26]} 36. Qxe3 {[%clk
01:19:37]} {[%emt 00:00:06]} Kf7 {[%clk 00:53:38]} {[%emt 00:00:42]} 37. c4
{[%clk 01:19:59]} {[%emt 00:00:08]} Kf6 {[%clk 00:53:47]} {[%emt 00:00:22]} 38.
c5 {[%clk 01:20:24]} {[%emt 00:00:05]} Kf7 {[%clk 00:53:03]} {[%emt 00:01:13]}
39. c6 {[%clk 01:20:49]} {[%emt 00:00:04]} Kg8 {[%clk 00:53:23]} {[%emt
00:00:09]} 40. c7 {[%clk 01:21:12]} {[%emt 00:00:07]} Kh7 {[%clk 00:53:43]}
{[%emt 00:00:11]} 41. c8=R {[%clk 01:21:21]} {[%emt 00:00:21]} g5 {[%clk
00:53:44]} {[%emt 00:00:30]} 42. Qe4+ {[%clk 01:21:49]} {[%emt 00:00:01]} Kh6
{[%clk 00:53:36]} {[%emt 00:00:38]} 43. Rh8# {[%emt 00:00:07]} 1-0

[Event "DVM U12 2023"]
[Site "Magdeburg GER"]
[Date "2023.12.29"]
[Round "6"]
[White "Luccone, Constantin"]
[Black "Mandalka, Justus"]
[Result "0-1"]
[Termination "normal"]
[Board "7.1"]
[WhiteElo "1377"]
[BlackElo "1775"]
[WhiteTeam "SF Brackel 1930"]
[BlackTeam "SK Bad Homburg 1927"]
[PlyCount "62"]
[WhiteFideId "34634096"]
[BlackFideId "16298144"]
[EventCountry "GER"]
[EventRounds "7"]
[EventType "team-swiss"]
[EventDate "2023.12.26"]

1. e4 c5 2. Nf3 Nc6 3. d4 cxd4 4. Nxd4 g6 5. Nc3 Bg7 6. Nxc6 bxc6 7. Bd3 Nf6 8.
O-O O-O 9. Re1 d5 10. exd5 cxd5 11. Bg5 Bb7 12. Rb1 Re8 13. Bf4 a6 14. Qd2 Nd7
15. Bh6 Bh8 16. Re2 e5 17. Ree1 Qb6 18. Be2 Qc6 19. Bg5 d4 20. Ne4 f5 21. Bf3
fxe4 22. Bxe4 Qb6 23. Bxb7 Qxb7 24. Qa5 Bg7 25. Rbc1 h6 26. Bh4 e4 27. Qa4 Kh7
28. Rb1 Nc5 29. Qc4 Rac8 30. Qe2 Re6 31. Bg3 Rce8 0-1

[Event "DVM U12 2023"]
[Site "Magdeburg GER"]
[Date "2023.12.29"]
[Round "6"]
[White "Zhao, Yunsheng"]
[Black "Libert, Nick"]
[Result "1-0"]
[Termination "normal"]
[Board "7.2"]
[WhiteElo "1433"]
[BlackElo "1304"]
[WhiteClock "00:30:31"]
[BlackClock "01:26:42"]
[WhiteTeam "SK Bad Homburg 1927"]
[BlackTeam "SF Brackel 1930"]
[PlyCount "117"]
[WhiteFideId "16299280"]
[BlackFideId "34634088"]
[EventCountry "GER"]
[EventRounds "7"]
[EventType "team-swiss"]
[EventDate "2023.12.26"]

1. e4 {[%clk 01:30:58]} {[%emt 00:00:02]} e5 {[%clk 01:30:57]} {[%emt
00:00:03]} 2. Nf3 {[%clk 01:31:18]} {[%emt 00:00:10]} Nc6 {[%clk 01:31:24]}
{[%emt 00:00:04]} 3. Bc4 {[%clk 01:31:43]} {[%emt 00:00:04]} Nf6 {[%clk
01:31:51]} {[%emt 00:00:03]} 4. d3 {[%clk 01:32:07]} {[%emt 00:00:06]} h6
{[%clk 01:32:19]} {[%emt 00:00:04]} 5. Nc3 {[%clk 01:32:27]} {[%emt 00:00:09]}
Bc5 {[%clk 01:32:45]} {[%emt 00:00:03]} 6. Be3 {[%clk 01:32:37]} {[%emt
00:00:20]} Bb6 {[%clk 01:33:11]} {[%emt 00:00:04]} 7. h3 {[%clk 01:32:27]}
{[%emt 00:00:41]} d6 {[%clk 01:33:37]} {[%emt 00:00:03]} 8. Qd2 {[%clk
01:32:48]} {[%emt 00:00:10]} Be6 {[%clk 01:34:02]} {[%emt 00:00:04]} 9. Bb3
{[%clk 01:33:11]} {[%emt 00:00:07]} Qd7 {[%clk 01:34:18]} {[%emt 00:00:14]} 10.
d4 {[%clk 01:30:54]} {[%emt 00:02:47]} exd4 {[%clk 01:33:35]} {[%emt 00:01:13]}
11. Nxd4 {[%clk 01:31:13]} {[%emt 00:00:11]} Nxd4 {[%clk 01:33:52]} {[%emt
00:00:14]} 12. Bxd4 {[%clk 01:31:09]} {[%emt 00:00:34]} Bxb3 {[%clk 01:33:44]}
{[%emt 00:00:38]} 13. axb3 {[%clk 01:31:32]} {[%emt 00:00:07]} Bxd4 {[%clk
01:33:35]} {[%emt 00:00:39]} 14. Qxd4 {[%clk 01:31:49]} {[%emt 00:00:13]} a6
{[%clk 01:33:48]} {[%emt 00:00:17]} 15. O-O {[%clk 01:31:58]} {[%emt 00:00:22]}
O-O {[%clk 01:34:11]} {[%emt 00:00:06]} 16. Rad1 {[%clk 01:32:11]} {[%emt
00:00:17]} Rfe8 {[%clk 01:34:31]} {[%emt 00:00:10]} 17. Rfe1 {[%clk 01:32:21]}
{[%emt 00:00:21]} Rad8 {[%clk 01:34:21]} {[%emt 00:00:40]} 18. Qb4 {[%clk
01:31:47]} {[%emt 00:01:04]} Qc6 {[%clk 01:34:21]} {[%emt 00:00:25]} 19. Rd4
{[%clk 01:28:36]} {[%emt 00:03:45]} Rd7 {[%clk 01:33:12]} {[%emt 00:01:39]} 20.
Re3 {[%clk 01:19:56]} {[%emt 00:09:10]} Qb6 {[%clk 01:33:04]} {[%emt 00:00:33]}
21. Qc4 {[%clk 01:19:28]} {[%emt 00:01:03]} c6 {[%clk 01:30:53]} {[%emt
00:02:41]} 22. Qd3 {[%clk 01:14:38]} {[%emt 00:05:20]} Qc7 {[%clk 01:29:54]}
{[%emt 00:01:28]} 23. Qd2 {[%clk 01:10:58]} {[%emt 00:04:11]} Re6 {[%clk
01:28:12]} {[%emt 00:02:11]} 24. Ne2 {[%clk 01:11:15]} {[%emt 00:00:14]} d5
{[%clk 01:26:43]} {[%emt 00:01:59]} 25. Ng3 {[%clk 00:42:00]} {[%emt 00:29:45]}
dxe4 {[%clk 01:26:13]} {[%emt 00:01:00]} 26. Rxd7 {[%clk 00:40:44]} {[%emt
00:01:46]} Qxd7 {[%clk 01:26:35]} {[%emt 00:00:08]} 27. Qxd7 {[%clk 00:40:44]}
{[%emt 00:00:29]} Nxd7 {[%clk 01:26:59]} {[%emt 00:00:06]} 28. Rxe4 {[%clk
00:39:22]} {[%emt 00:01:52]} Rxe4 {[%emt 00:00:12]} 29. Nxe4 {[%clk 00:39:44]}
{[%emt 00:00:07]} Kf8 {[%clk 01:27:27]} {[%emt 00:00:22]} 30. Nd6 {[%clk
00:39:10]} {[%emt 00:01:03]} b5 {[%clk 01:27:45]} {[%emt 00:00:12]} 31. Nf5
{[%clk 00:39:01]} {[%emt 00:00:40]} Nc5 {[%clk 01:27:10]} {[%emt 00:01:04]} 32.
Nd4 {[%clk 00:38:40]} {[%emt 00:00:51]} a5 {[%clk 01:26:51]} {[%emt 00:00:49]}
33. Nxc6 {[%clk 00:38:20]} {[%emt 00:00:50]} a4 {[%clk 01:27:15]} {[%emt
00:00:06]} 34. bxa4 {[%clk 00:38:42]} {[%emt 00:00:08]} bxa4 {[%clk 01:27:31]}
{[%emt 00:00:13]} 35. Kf1 {[%clk 00:38:40]} {[%emt 00:00:32]} Ke8 {[%clk
01:27:52]} {[%emt 00:00:09]} 36. Nb4 {[%clk 00:38:20]} {[%emt 00:00:50]} Kd7
{[%clk 01:28:12]} {[%emt 00:00:11]} 37. Ke2 {[%clk 00:38:36]} {[%emt 00:00:14]}
Kd6 {[%clk 01:28:35]} {[%emt 00:00:07]} 38. Nd3 {[%clk 00:38:32]} {[%emt
00:00:35]} g6 {[%clk 01:28:20]} {[%emt 00:00:44]} 39. Nxc5 {[%clk 00:37:51]}
{[%emt 00:01:10]} Kxc5 {[%clk 01:28:41]} {[%emt 00:00:10]} 40. Kd3 {[%clk
00:37:19]} {[%emt 00:01:02]} f5 {[%clk 01:28:42]} {[%emt 00:00:29]} 41. g3
{[%clk 00:36:54]} {[%emt 00:00:55]} Kd5 {[%clk 01:28:25]} {[%emt 00:00:46]} 42.
f3 {[%clk 00:36:48]} {[%emt 00:00:37]} Kc5 {[%clk 01:24:38]} {[%emt 00:04:16]}
43. h4 {[%clk 00:33:35]} {[%emt 00:03:43]} g5 {[%clk 01:24:32]} {[%emt
00:00:36]} 44. hxg5 {[%clk 00:32:22]} {[%emt 00:01:44]} hxg5 {[%clk 01:24:55]}
{[%emt 00:00:07]} 45. Kc3 {[%clk 00:31:44]} {[%emt 00:01:07]} f4 {[%clk
01:24:17]} {[%emt 00:01:09]} 46. gxf4 {[%clk 00:30:43]} {[%emt 00:01:31]} gxf4
{[%clk 01:24:42]} {[%emt 00:00:05]} 47. Kd3 {[%clk 00:31:02]} {[%emt 00:00:11]}
Kd5 {[%clk 01:24:53]} {[%emt 00:00:20]} 48. c4+ {[%clk 00:28:18]} {[%emt
00:03:14]} Kc5 {[%clk 01:23:54]} {[%emt 00:01:28]} 49. Kc3 {[%clk 00:28:26]}
{[%emt 00:00:23]} Kd6 {[%clk 01:24:17]} {[%emt 00:00:06]} 50. Kd4 {[%clk
00:28:48]} {[%emt 00:00:08]} Kc6 {[%clk 01:24:41]} {[%emt 00:00:07]} 51. c5
{[%clk 00:28:31]} {[%emt 00:00:47]} Kd7 {[%clk 01:24:50]} {[%emt 00:00:21]} 52.
Kd5 {[%clk 00:28:20]} {[%emt 00:00:41]} Kc7 {[%clk 01:25:13]} {[%emt 00:00:07]}
53. c6 {[%clk 00:28:36]} {[%emt 00:00:15]} Kd8 {[%clk 01:25:27]} {[%emt
00:00:15]} 54. Kc5 {[%clk 00:28:43]} {[%emt 00:00:22]} Kc7 {[%clk 01:25:48]}
{[%emt 00:00:10]} 55. Kb5 {[%clk 00:29:02]} {[%emt 00:00:11]} a3 {[%clk
01:25:32]} {[%emt 00:00:46]} 56. bxa3 {[%clk 00:29:23]} {[%emt 00:00:08]} Kc8
{[%clk 01:25:57]} {[%emt 00:00:04]} 57. Kb6 {[%clk 00:29:44]} {[%emt 00:00:10]}
Kb8 {[%clk 01:26:17]} {[%emt 00:00:10]} 58. c7+ {[%clk 00:30:08]} {[%emt
00:00:07]} Kc8 {[%clk 01:26:42]} {[%emt 00:00:04]} 59. a4 {[%clk 00:30:31]}
{[%emt 00:00:07]} 1-0

[Event "DVM U12 2023"]
[Site "Magdeburg GER"]
[Date "2023.12.29"]
[Round "6"]
[White "Kovalenko, Andrii"]
[Black "Li, Xiao Teng"]
[Result "0-1"]
[Termination "normal"]
[Board "7.3"]
[WhiteElo "1170"]
[BlackElo "1220"]
[WhiteTeam "SF Brackel 1930"]
[BlackTeam "SK Bad Homburg 1927"]
[PlyCount "82"]
[WhiteFideId "34681795"]
[BlackFideId "34611053"]
[EventCountry "GER"]
[EventRounds "7"]
[EventType "team-swiss"]
[EventDate "2023.12.26"]

1. e4 e5 2. Nf3 Nc6 3. Bc4 Bc5 4. c3 Nf6 5. d4 exd4 6. cxd4 Bb4+ 7. Nc3 Nxe4 8.
O-O Bxc3 9. d5 Ne7 10. bxc3 Nf6 11. Bg5 b6 12. Nh4 Bb7 13. Re1 O-O 14. Bxf6
gxf6 15. h3 Ng6 16. Nxg6 fxg6 17. Qf3 Kh8 18. Qe3 Re8 19. Qxe8+ Qxe8 20. Rxe8+
Rxe8 21. Rd1 d6 22. Kf1 Kg7 23. Re1 Rxe1+ 24. Kxe1 f5 25. Ke2 Kf6 26. Kf3 Ke5
27. g4 fxg4+ 28. Kxg4 Bxd5 29. Bxd5 Kxd5 30. Kg5 Kc4 31. Kh6 Kxc3 32. Kxh7 d5
33. Kxg6 d4 34. a4 d3 35. a5 d2 36. a6 d1=Q 37. Kh7 Qh5+ 38. Kg8 Qg6+ 39. Kh8
Kd4 40. f4 Ke4 41. h4 Kf5 0-1

[Event "DVM U12 2023"]
[Site "Magdeburg GER"]
[Date "2023.12.29"]
[Round "6"]
[White "Mosch, Cornelius"]
[Black "Zhou, Louis Yuchen"]
[Result "0-1"]
[Termination "normal"]
[Board "7.4"]
[WhiteElo "1107"]
[BlackElo "963"]
[WhiteClock "00:56:58"]
[BlackClock "00:46:33"]
[WhiteTeam "SK Bad Homburg 1927"]
[BlackTeam "SF Brackel 1930"]
[PlyCount "76"]
[WhiteFideId "34681744"]
[BlackFideId "34649417"]
[EventCountry "GER"]
[EventRounds "7"]
[EventType "team-swiss"]
[EventDate "2023.12.26"]

1. e4 {[%clk 01:30:55]} {[%emt 00:00:05]} e5 {[%clk 01:30:50]} {[%emt
00:00:10]} 2. Nf3 {[%clk 01:31:12]} {[%emt 00:00:14]} Nc6 {[%clk 01:31:06]}
{[%emt 00:00:12]} 3. Bc4 {[%clk 01:31:32]} {[%emt 00:00:10]} Bc5 {[%clk
01:31:21]} {[%emt 00:00:15]} 4. c3 {[%clk 01:31:34]} {[%emt 00:00:29]} Nf6
{[%clk 01:31:40]} {[%emt 00:00:11]} 5. d4 {[%clk 01:31:48]} {[%emt 00:00:16]}
exd4 {[%clk 01:31:59]} {[%emt 00:00:12]} 6. e5 {[%clk 01:32:13]} {[%emt
00:00:05]} Ng4 {[%clk 01:31:16]} {[%emt 00:01:12]} 7. Ng5 {[%clk 01:31:58]}
{[%emt 00:00:45]} Ngxe5 {[%clk 01:30:25]} {[%emt 00:01:21]} 8. Qe2 {[%clk
01:31:20]} {[%emt 00:01:08]} Qe7 {[%clk 01:23:56]} {[%emt 00:06:59]} 9. Nxf7
{[%clk 01:31:29]} {[%emt 00:00:22]} Nxf7 {[%clk 01:22:32]} {[%emt 00:01:53]}
10. Qxe7+ {[%clk 01:31:11]} {[%emt 00:00:48]} Nxe7 {[%clk 01:22:44]} {[%emt
00:00:19]} 11. O-O {[%clk 01:31:18]} {[%emt 00:00:24]} d5 {[%clk 01:22:29]}
{[%emt 00:00:44]} 12. Bd3 {[%clk 01:31:32]} {[%emt 00:00:16]} Bd7 {[%clk
01:21:14]} {[%emt 00:01:45]} 13. Bf4 {[%clk 01:31:20]} {[%emt 00:00:42]} O-O-O
{[%clk 01:20:44]} {[%emt 00:01:00]} 14. b4 {[%clk 01:31:17]} {[%emt 00:00:34]}
Bd6 {[%clk 01:19:19]} {[%emt 00:01:54]} 15. Bxd6 {[%clk 01:30:30]} {[%emt
00:01:17]} Nxd6 {[%clk 01:19:28]} {[%emt 00:00:21]} 16. cxd4 {[%clk 01:30:55]}
{[%emt 00:00:06]} Nef5 {[%clk 01:19:03]} {[%emt 00:00:55]} 17. Nc3 {[%clk
01:30:52]} {[%emt 00:00:33]} Nxd4 {[%clk 01:18:29]} {[%emt 00:01:04]} 18. Nxd5
{[%clk 01:31:03]} {[%emt 00:00:19]} Bf5 {[%clk 01:13:55]} {[%emt 00:05:04]} 19.
Rfd1 {[%clk 01:30:10]} {[%emt 00:01:23]} Bxd3 {[%clk 01:12:01]} {[%emt
00:02:24]} 20. Rxd3 {[%clk 01:29:57]} {[%emt 00:00:42]} Ne6 {[%clk 01:07:47]}
{[%emt 00:04:44]} 21. a4 {[%clk 01:29:30]} {[%emt 00:00:57]} Rhe8 {[%clk
01:07:10]} {[%emt 00:01:08]} 22. b5 {[%clk 01:29:20]} {[%emt 00:00:40]} Nc4
{[%clk 00:58:13]} {[%emt 00:09:27]} 23. Rc3 {[%clk 01:11:12]} {[%emt 00:18:37]}
Rxd5 {[%clk 00:57:55]} {[%emt 00:00:48]} 24. Rxc4 {[%clk 01:11:29]} {[%emt
00:00:14]} Red8 {[%clk 00:57:53]} {[%emt 00:00:32]} 25. Rcc1 {[%clk 01:11:11]}
{[%emt 00:00:48]} Nc5 {[%clk 00:57:17]} {[%emt 00:01:06]} 26. Re1 {[%clk
01:10:55]} {[%emt 00:00:45]} Nd3 {[%clk 00:56:18]} {[%emt 00:01:29]} 27. Red1
{[%clk 01:10:49]} {[%emt 00:00:37]} Nb2 {[%clk 00:54:29]} {[%emt 00:02:19]} 28.
Re1 {[%clk 01:09:57]} {[%emt 00:01:22]} Rd4 {[%clk 00:53:55]} {[%emt 00:01:04]}
29. a5 {[%clk 01:09:09]} {[%emt 00:01:17]} R4d5 {[%clk 00:52:02]} {[%emt
00:02:23]} 30. g3 {[%clk 01:04:53]} {[%emt 00:04:46]} Rxb5 {[%clk 00:50:55]}
{[%emt 00:01:37]} 31. Re7 {[%clk 01:04:58]} {[%emt 00:00:25]} Rd1+ {[%clk
00:48:02]} {[%emt 00:03:23]} 32. Rxd1 {[%clk 01:05:10]} {[%emt 00:00:18]} Nxd1
{[%clk 00:48:25]} {[%emt 00:00:07]} 33. Rxg7 {[%clk 01:05:32]} {[%emt
00:00:08]} c5 {[%clk 00:47:48]} {[%emt 00:01:07]} 34. Rg4 {[%clk 01:05:18]}
{[%emt 00:00:44]} Nb2 {[%clk 00:47:20]} {[%emt 00:00:59]} 35. Re4 {[%clk
01:04:41]} {[%emt 00:01:07]} c4 {[%clk 00:47:01]} {[%emt 00:00:49]} 36. Re2
{[%clk 01:04:37]} {[%emt 00:00:34]} c3 {[%clk 00:46:42]} {[%emt 00:00:49]} 37.
Re3 {[%clk 01:04:29]} {[%emt 00:00:38]} Rc5 {[%clk 00:46:16]} {[%emt 00:00:55]}
38. Re1 {[%clk 00:56:58]} {[%emt 00:08:00]} c2 {[%clk 00:46:33]} {[%emt
00:00:14]} 0-1